Developments in Language Theory : 18th International Conference, DLT 2014, Ekaterinburg, Russia, August 26-29, 2014 : Proceedings /
Selección de ponencias presentadas en la décima octava Conferencia Internacional sobre Desarrollos en Teoría del Lenguaje, celebrada en Ekaterimburgo, Rusia, en agosto de 2014. Los artículos que se incluyen abordan principalmente tres temas: Autómatas finitos y lenguajes regulares; Autómatas de empu...
Enregistré dans:
| Collectivité auteur: | |
|---|---|
| Autres auteurs: | , |
| Format: | Actes de congrès Livre |
| Langue: | anglais |
| Publié: |
Cham, Suiza :
Springer,
2014, c2014
|
| Collection: | (Lecture Notes in Computer Science ;
8633) |
| Sujets: | |
| Accès en ligne: | Ver documento en línea |
| Tags: |
Pas de tags, Soyez le premier à ajouter un tag!
|
MARC
| LEADER | 00000nam^a2200000^a^4500 | ||
|---|---|---|---|
| 001 | 000554910 | ||
| 005 | 20251023000000.0 | ||
| 009 | 20260310131707.176 | ||
| 020 | |a 978-3-319-09698-8 | ||
| 037 | |a Acervo ITESO - Biblioteca | ||
| 041 | |a ING | ||
| 082 | |a Libro en línea | ||
| 111 | |a International Conference on Developments in Language Theory ( |n 18a : |d 2014 : |c Ekaterimburgo, Rusia) | ||
| 245 | 1 | 0 | |a Developments in Language Theory : |b 18th International Conference, DLT 2014, Ekaterinburg, Russia, August 26-29, 2014 : Proceedings / |c Ed. de A.M. Shur, M.V. Volkov. |
| 264 | 4 | |a Cham, Suiza : |b Springer, |c 2014, c2014 | |
| 264 | 2 | |a Cham, Suiza : |b Springer Link [distribución], |c 2014, c2014 | |
| 300 | |a 1 libro electrónico en línea (XVIII, 349 p.) | ||
| 300 | |a 1 recurso en línea | ||
| 336 | |a datos para computadora |b cod |2 rdacontenido | ||
| 337 | |a computadora |b c |2 rdamedio | ||
| 338 | |a recurso en línea |b cr |2 rdasoporte | ||
| 440 | 1 | |a (Lecture Notes in Computer Science ; |v 8633) | |
| 506 | 0 | |a Licencias ilimitadas | |
| 520 | |a Selección de ponencias presentadas en la décima octava Conferencia Internacional sobre Desarrollos en Teoría del Lenguaje, celebrada en Ekaterimburgo, Rusia, en agosto de 2014. Los artículos que se incluyen abordan principalmente tres temas: Autómatas finitos y lenguajes regulares; Autómatas de empuje y modelos relacionados; Combinatoria y algorítmica sobre palabras. | ||
| 649 | |a XX | ||
| 650 | |a Algoritmos Computacionales | ||
| 650 | |a Autómatas Matemáticos - |x Teoría - |x Tema Principal | ||
| 650 | |a Lógica Combinatoria | ||
| 650 | |a Lenguajes Naturales de Programación | ||
| 650 | |a Lenguajes de Programación - |x Congresos - |x Tema Principal | ||
| 650 | |a Lenguajes de Programación - |x Tema Principal | ||
| 650 | |a Programación (Software) | ||
| 650 | |a Desarrollo de Sistemas | ||
| 650 | |a Sistemas Computacionales | ||
| 650 | |a Ingeniería Computacional | ||
| 700 | |a Shur, Arseny M. |e (edición) | ||
| 700 | |a Volkov, Mikhail V. |e (edición) | ||
| 856 | 4 | 0 | |u https://link-springer-com.ezproxy.iteso.mx/10.1007/978-3-319-09698-8 |y Ver documento en línea |
| 910 | |a Fondo General | ||
| 920 | |a Electrónicos - Libros en Línea | ||
| 930 | |a Plataforma Digital | ||
| 905 | |a 205 | ||
| 901 | |a 554910-1 |b IT2 |c EBO |i C |u 20250521 | ||
| 902 | |a https://opac.biblio.iteso.mx/vufind/Record/000554910 | ||